000 00536nam a2200181Ia 4500
008 090124s9999 xx 000 0 und d
082 _b33508
100 _aघैसास दिवाकर
245 _a भावी जीवन
250 _a2
260 _bकृष्णमूर्ती जे
_c1998
300 _a208
600 _aघैसास दिवाकर
630 _a भावी जीवन
700 _aघैसास दिवाकर
730 _a भावी जीवन
942 _cBOOK
999 _c181031
_d181031